000 00888cam a2200229 4500
001 WB4014-11
008 040415n2004 000 0 eng u
035 _a(Sirsi) u125843
245 _aGuide to business tenancies
260 _c2004
490 _aODPM News Release
_v 13 April 2004, (1)
520 _aA new publication from the ODPM offers guidance on ending and renewing business tenancies in accordance with the new procedures under Part II of the Landlord and Tenant Act 1954. View the publication at: http://www.odpm.gov.uk/stellent/groups/odpm_contro l/documents/userinformation/odpm_whats_new_page.hc sp
590 _aWB
590 _aWB
650 _aLANDLORD AND TENANT ACT PART II
650 _aLANDLORDS
650 _aTENANTS
650 _aBUSINESS TENANCIES
650 _aSECURITY OF TENURE
690 _aLANDLORD AND TENANT-BUSINESS TENANCIES
942 _n0
999 _c117205
_d117205